000 00473 a2200169 4500
001 189456
020 _a978-85-7631-088-4
040 _cMagnum
100 _aFirmeza, George Torquato
240 1 0 _aBrasileiros no exterior
_lpor
245 1 0 _aBrasileiros no exterior
300 _a378
362 0 _a2007
440 1 _aFundação Alexandre de Gusmão
697 _aRELALÇÕES INTERNACIONAIS, POLÍTICA MUNDIAL. POLÍTICA INTERNACIONAL. POLÍTICA EXTERNA
942 _cBK
999 _c189456
_d189456